Score 0/21 Timer 02:30
0 Plays Today
Question Answer Wrong Answers
BREAD or WATER What can you tear apart with your hands? ???
100%
???
0%
DECEMBER or JANUARY When does winter officially start? ???
95.6%
???
4.4%
ABOVE or BELOW Where is a nose in relation to a forehead? ???
91.1%
???
4.4%
ABORIGINES or EMUS Who did the Royal Australian Artillary fight in the Great Emu War? ???
68.9%
???
22.2%
VOWS or RINGS Which comes first in a traditional catholic wedding? ???
62.2%
???
6.7%
YES or NO Japanese wear shoes in the house? ???
57.8%
???
4.4%
0 CELSIUS or O FARENHEIT Which is colder? ???
44.4%
???
13.3%
COMO or GARDA Is the biggest lake in Italy? ???
35.6%
???
8.9%
MONACO or VATICAN CITY Is the smallest country in the world ???
33.3%
???
2.2%
TRUE or FALSE In Switzerland it is illegal to own a singular Guinea Pig ???
22.2%
???
11.1%
7% or 2% The percentage of Americans who think chocolate milk comes from brown cows ???
20%
???
2.2%
MONDAY or SUNDAY Day you are more likely to have a heart attack? ???
17.8%
???
0%
TEA or COFFEE Is made from seeds ???
17.8%
???
0%
GROUND or SUN What direction do bananas grow? ???
17.8%
???
2.2%
NEW YORK or YORK (UK) Which is further north? ???
15.6%
???
2.2%
CELINE DION or WHITNEY HOUSTON Sang ‘My heart will go on’ ???
15.6%
???
0%
ETHIOPIA or BRAZIL Where did coffee originate? ???
13.3%
???
2.2%
TRUE or FALSE Switzerland is a country in the EU? ???
6.7%
???
6.7%
HANDS or FEET Sea cucumbers eat with these ???
4.4%
???
2.2%
ALAN SHEPARD or NEIL ARMSTRONG The first man in space ???
2.2%
???
2.2%
THIRD or FOURTH The ‘Aborigines or emus’ question ???
2.2%
???
0%

You're not logged in!

Compare scores with friends on all Sporcle quizzes.
OR
Log In

Sporcle TV

Today on Sporcle TV


Watch our educational content, quiz creation guides, and fun videos on Sporcle TV.

Show Comments

Extras

Top Quizzes Today


Score Distribution

Paid Content

Your Account Isn't Verified!

In order to create a playlist on Sporcle, you need to verify the email address you used during registration. Go to your Sporcle Settings to finish the process.

Report this User

Report this user for behavior that violates our Community Guidelines.

Details: